| 000 | 01347nam a2200301 i 4500 | ||
|---|---|---|---|
| 001 | 183799 | ||
| 003 | ES-MaACL | ||
| 005 | 20240201133424.0 | ||
| 008 | 141015s2010 sp aco | |||||||| | spa d | ||
| 020 | _a978-84-614-1506-9 | ||
| 080 | _a329(460) | ||
| 080 | _a323.2(460) | ||
| 080 | _a94(460)"1975/82" | ||
| 245 | 0 | 0 | _aPTE, la lucha por la ruptura democrática en la Transición. |
| 260 |
_a[Madrid] : _bAsociación por la Memoria Histórica del Partido del Trabajo de España y de la Joven Guardia Roja, _c2010. |
||
| 300 |
_a242 p. : _bil., fot. ; _c23 x 24 cm. |
||
| 504 | _aReferencias bibliográficas. | ||
| 505 | 8 |
_aContiene: ; _tMilitantes muertos en la lucha contra la dictadura y por la democracia ; _tBreve cronología del PTE |
|
| 610 | 2 | 7 |
_aPartido del Trabajo de España. _9155727 |
| 650 | 7 |
_aMovimientos sociales- _zEspaña. _9151285 |
|
| 651 | 7 |
_aEspaña- _xHistoria- _y1975-1982, Transición. _9149272 |
|
| 710 | 2 |
_aAsociación por la Memoria Histórica del Partido del Trabajo de España y de la Joven Guardia Roja. _9155728 |
|
| 740 | 3 | _aLa lucha por la ruptura democrática en la transición. | |
| 852 |
_aES-MaACL _jA-13275 _9190754 _bR.150064 _cDEPO1 _dOlim: N-6275 _hDonación: Carlos París |
||
| 903 |
_aParís, Carlos, _d1925-2014 _ednr _989133 |
||
| 942 |
_2udc _cMONOGRAFIA |
||
| 999 |
_c183799 _d183799 |
||